Statistiques concernant Quiz Harry Potter - Niveau difficile

Cliquez ici pour prendre le quiz!

Statistiques générales

  • Ce quiz a été pris 3 553 fois
  • Le résultat moyen est 6 sur 15

Statistiques - réponses

HintRéponse% Correct
Que est le prénom de Mrs Figg ?Arabella
76%
Que signifie l'acronyme BUSE ?Brevet universel de sorcellerie élémentaire
72%
Qui succède à Cornelius Fudge au poste de ministre de la magie ?Rufus Scrimgeour
61%
Comment s'appelle le boursouflet de Ginny ?Arnold
58%
Quelle est l'année de naissance des parents de Harry ?1960
55%
Comment s'appelle le glacier du Chemin de Traverse ?Florian Fortarôme
48%
Comment s'appelle la grande cour de justice magique de Grande-Bretagne ?Le Magenmagot
42%
Que contient la baguette de Cedric Diggory ?Un crin de licorne
42%
Qu'est-ce qui dégage une odeur nauséabonde lorsqu'on en lance ?Une bombabouse
34%
Quel sortilège permet de verrouiller une porte ?Collaporta
30%
Quel est l'autre nom du tue-loup (ou napel) ?L'aconit
29%
Dans quel magasin Hagrid a-t-il acheté Hedwige ?Eeylops, au royaume du hibou
17%
Quelle langue parlent les gobelins ?Le Gobelbabil
15%
Quel produit permet d'assommer les Doxys ?Le doxycide
14%
Comment s'appelle la mère de Hagrid ?Fridluva
11%

Distribution des résultats

Percentile par nombre de réponses

% des personnes avec chaque résultat

Votre développement - résultats

Vous n’avez pas pris ce quiz